Statistiques concernant Moto GP champions

Cliquez ici pour prendre le quiz!

Statistiques générales

  • Ce quiz a été pris 334 fois
    (311 depuis la dernière actualisation)
  • Le résultat moyen est 13 sur 16

Statistiques - réponses

HintRéponse% Correct
2002Valentino Rossi
96%
2004Valentino Rossi
95%
2003Valentino Rossi
94%
2005Valentino Rossi
94%
2016Marc Marquez
90%
2017Marc Marquez
90%
2014Marc Marquez
88%
2008Valentino Rossi
86%
2009Valentino Rossi
86%
2015Jorge Lorenzo
84%
2013Marc Marquez
84%
2012Jorge Lorenzo
77%
2010Jorge Lorenzo
74%
2007Casey Stoner
67%
2011Casey Stoner
67%
2006Nicky Hayden
59%

Distribution des résultats

Percentile par nombre de réponses

% des personnes avec chaque résultat

Votre développement - résultats

Vous n’avez pas pris ce quiz depuis la dernière actualisation